Transportné a biochemické vlastnosti membrán izolovaných z ľudských erytrocytov

Na minha lista:
Detalhes bibliográficos
Autor principal: Pančuchárová, Hana (Author)
Formato: Manuscrito Livro
Idioma:eslovaco
Publicado em: Bratislava : STU v Bratislave FCHPT, 2003
Edição:Obháj.: 3.6.2003
Tags: Adicionar Tag
Sem tags, seja o primeiro a adicionar uma tag!

MARC

LEADER 00000ntm a22000003a 4500
001 stu81036
005 20150617225637.6
008 030618s2003----xo------------------slo-d
040 |a STU  |b slo 
041 0 |a slo 
044 |a xo 
100 1 |a Pančuchárová, Hana  |4 aut 
245 1 |a Transportné a biochemické vlastnosti membrán izolovaných z ľudských erytrocytov 
250 |a Obháj.: 3.6.2003 
260 |a Bratislava :  |b STU v Bratislave FCHPT,  |c 2003 
300 |a 51 s. Tab.,grafy,lit 
500 |a Odbor: Biomedicínske inžinierstvo, biochémia a mikrobiológia 
996 |b 284C030165  |c C*D13908  |l CCI  |s A  |a 24  |w stu81036_0001